000 00747nam a2200241 a 4500
008
049 _aMAIN
090 _aQA297
_bKHA
100 1 _aKhabaza, I.M.
245 1 0 _aNumerical analysis /
_cI.M. Khabaza.
260 _aOxford :
_bPergamon Press,
_c1965.
300 _axii, 242 p. ;
_c20 cm.
440 0 _aCommonwealth and international library.
_pHigher mathematics for scientists and engineers.
500 _aIncludes index.
504 _aIncludes bibliographical references.
650 0 _aNumerical analysis.
650 0 _aElectronic digital computers.
907 _a.b10034171
_b19-02-13
_c17-04-03
003
005 20230123133501.0
040 _cNUST
942 _cBOOKS
_kQA297
_mKHA
999 _c149378
_d149378